| 000 | 01279nam a22003617a 4500 | ||
|---|---|---|---|
| 003 | CHAP | ||
| 005 | 20220329135324.0 | ||
| 008 | 971013s1974 r 00010 d | ||
| 010 | _a34377 | ||
| 011 | _a35349 | ||
| 035 | _a39465 | ||
| 040 | _cCHAP | ||
| 090 | _aTesis | ||
| 100 | 0 | 0 |
_aPablos Hach, José Luis. _984523 |
| 245 | _aAnálisis del efecto de no aleotorizar una repetición de un diseño de bloques al azar | ||
| 260 |
_aChapingo, Méx. : _bEl autor, _c1974 |
||
| 300 | _a77 h. | ||
| 500 | _ac.4-5 en bodega | ||
| 502 | _aTesis (M.C. Esp. en Estadística Experimental) -- ENA. Colegio de Postgraduados | ||
| 590 |
_aALEPH _b10 _c20130110 _lUCH01 _h1300 |
||
| 590 |
_aBATCH-UPD _b10 _c20130110 _lUCH01 _h1603 |
||
| 590 |
_aBATCH-UPD _b10 _c20130410 _lUCH01 _h1000 |
||
| 590 |
_aBATCH-UPD _b10 _c20130914 _lUCH01 _h1206 |
||
| 590 |
_aCONVERSION _b10 _c20130109 _lUCH01 _h1319 |
||
| 650 | 1 | 4 |
_aAgricultura _xMetodos estadisticos. _91745 |
| 650 | 1 | 4 |
_aDiseños experimentales. _932735 |
| 710 | 0 |
_aENA. Colegio de Postgraduados. Chapingo, Méx. Centro de Estadística y Cálculo. _936681 |
|
| 901 | _aBK | ||
| 942 | _cFOLL | ||
| 949 |
_bBC _cTES _d-89923 _eTS1 _i39465 _si |
||
| 949 |
_bBC _cTES _d-89924 _eTS2 _fc.2 _i39465 _si |
||
| 949 |
_bBC _cTES _d-89925 _eTS2 _fc.3 _i39465 _si |
||
| 999 |
_c34377 _d34377 |
||